Central Library OPAC University of Rajshahi

আাশার ছলনে ভুলি : (Record no. 39683)

MARC details
000 -LEADER
fixed length control field 01062nam a22002531a 4500
001 - CONTROL NUMBER
control field 39683
003 - CONTROL NUMBER IDENTIFIER
rucl marc code BD-RjUL
005 - DATE AND TIME OF LATEST TRANSACTION
control field 20211209053035.0
008 - FIXED-LENGTH DATA ELEMENTS--GENERAL INFORMATION
fixed length control field 160416m20132006ii a|||| |||| 001 0 ben d
020 ## - INTERNATIONAL STANDARD BOOK NUMBER
International Standard Book Number 8172153643
Terms of availability : TK.778.00
035 ## - SYSTEM CONTROL NUMBER
System control number (BD-RjUL)39796
040 ## - CATALOGING SOURCE
Original cataloging agency BD-RjUL
Language of cataloging ben
Transcribing agency BD-RjUL
041 ## - LANGUAGE CODE
Language code of text/sound track or separate title ben
082 ## - DEWEY DECIMAL CLASSIFICATION NUMBER
Edition number 23
Classification number 891.441092
Author mark and year MUA 2013
100 ## - MAIN ENTRY--PERSONAL NAME
Personal name মুরশিদ, গোলাম
9 (RLIN) 122226
245 10 - TITLE STATEMENT
Title আাশার ছলনে ভুলি :
Remainder of title মাইকেল-জীবনী /
Statement of responsibility, etc. গোলাম মুরশিদ
250 ## - EDITION STATEMENT
Edition statement ৩য় সং.
260 ## - PUBLICATION, DISTRIBUTION, ETC. (IMPRINT)
Place of publication, distribution, etc. কলকাতা :
Name of publisher, distributor, etc. আনন্দ পাবলিশার্স,
Date of publication, distribution, etc. ২০০৬ [মুদ্রণ ২০১৩]
300 ## - PHYSICAL DESCRIPTION
Pagination ৪১৯ পৃ.:
Illustrations চিএ ;
Size ২৪ সেমি.
500 ## - GENERAL NOTE
General note নিঘন্ট সংঘুক্ত
600 ## - SUBJECT ADDED ENTRY--PERSONAL NAME
Personal name দত্ত, মাইকেল মধুসূদন,
Dates associated with a name ১৮২৪-১৮৭৩
General subdivision জীবনী
Personal name Dutt, Michael Madhusudan,
Dates associated with a name 1824-1873.
General subdivision Biography
942 ## - ADDED ENTRY ELEMENTS (KOHA)
Source of classification or shelving scheme Dewey Decimal Classification
Koha item type Books
Holdings
Lost status Source of classification or shelving scheme Damaged status Not for loan Collection code Permanent Location Current Location Shelving location Date acquired Source of acquisition Cost, normal purchase price Total Checkouts Full call number Date last seen Copy number Koha item type Date checked out
  Dewey Decimal Classification   Not For Loan Non-fiction Central Library, University of Rajshahi Central Library, University of Rajshahi Reading Room 06/07/2015 Batighor, Chittagong 778.00   B 891.441092 MUA 2013 16/04/2016 C-1 Books  
  Dewey Decimal Classification     Non-fiction Central Library, University of Rajshahi Central Library, University of Rajshahi   06/07/2015 Batighor, Chittagong 778.00 7 B 891.441092 MUA 2013 25/03/2024 C-2 Books 08/02/2024
  Dewey Decimal Classification     Non-fiction Central Library, University of Rajshahi Central Library, University of Rajshahi   06/07/2015 Batighor, Chittagong 778.00 9 B 891.441092 MUA 2013 13/02/2024 C-3 Books 08/02/2024